[Event "CZE-ch U12 Girls"]
[Site "Kouty nad Desnou"]
[Date "2011.03.16"]
[Round "6"]
[White "Vinklerova, Eliska"]
[Black "Zlamana, Anna"]
[Result "0-1"]
[WhiteElo "1100"]
[BlackElo "1250"]
[PlyCount "42"]
[EventDate "2011.03.12"]
[EventType "swiss"]
[EventRounds "9"]
[EventCountry "CZE"]
[SourceTitle "EXT 2014"]
[Source "ChessBase"]
[SourceDate "2013.11.20"]
[SourceVersion "1"]
[SourceVersionDate "2013.11.20"]
[SourceQuality "1"]

1. e4 e5 2. Nc3 Nf6 3. Nf3 Bc5 4. Bc4 Nc6 5. 0-0 d6 6. Nd5 Bg4 7. Nxf6+ Qxf6 8. Be2 Bxf3 9. Bxf3 0-0-0 10. d3 Nd4 11. Bg4+ Kb8 12. Be3 d5 13. c3 h5 14. Bxh5 Ne6 15. Bf3 dxe4 16. Bxe4 Bxe3 17. fxe3 Qh6 18. h3 Qxe3+ 19. Rf2 Nf4 20. Qe1 Qg3 21. Rf3 Qxg2# 0-1

[Event "CZE-ch U12 Girls"]
[Site "Kouty nad Desnou"]
[Date "2011.03.15"]
[Round "5"]
[White "Kralova, Josefina"]
[Black "Vinklerova, Eliska"]
[Result "1-0"]
[WhiteElo "1000"]
[BlackElo "1100"]
[PlyCount "67"]
[EventDate "2011.03.12"]
[EventType "swiss"]
[EventRounds "9"]
[EventCountry "CZE"]
[SourceTitle "EXT 2014"]
[Source "ChessBase"]
[SourceDate "2013.11.20"]
[SourceVersion "1"]
[SourceVersionDate "2013.11.20"]
[SourceQuality "1"]

1. e4 e5 2. Nf3 d6 3. d4 Be7 4. c3 Bg4 5. Be2 Nf6 6. Nbd2 0-0 7. 0-0 a6 8. dxe5 Bxf3 9. Bxf3 dxe5 10. Nc4 Nc6 11. Qe1 Qd7 12. Be3 Qd3 13. Nd2 Rad8 14. Rd1 Qb5 15. b4 a5 16. Be2 Qa4 17. Bc4 axb4 18. Bb3 Qa8 19. f4 Nxe4 20. Nxe4 Rxd1 21. Bxd1 Qxa2 22. fxe5 Nxe5 23. Qg3 Qe6 24. cxb4 Bxb4 25. Ng5 Qg6 26. Qxe5 f6 27. Qe6+ Kh8 28. Nh3 Re8 29. Qb3 Qe4 30. Re1 Bxe1 31. Bc5 Qe5 32. Ba7 Rd8 33. Qf7 Rf8 34. Qxf8# 1-0

[Event "CZE-ch U12 Girls"]
[Site "Kouty nad Desnou"]
[Date "2011.03.12"]
[Round "1"]
[White "Vinklerova, Eliska"]
[Black "Brunova, Blanka"]
[Result "0-1"]
[WhiteElo "1100"]
[BlackElo "1386"]
[PlyCount "42"]
[EventDate "2011.03.12"]
[EventType "swiss"]
[EventRounds "9"]
[EventCountry "CZE"]
[SourceTitle "EXT 2014"]
[Source "ChessBase"]
[SourceDate "2013.11.20"]
[SourceVersion "1"]
[SourceVersionDate "2013.11.20"]
[SourceQuality "1"]

1. e4 e5 2. Nf3 Nc6 3. Nc3 Nf6 4. Bc4 Bc5 5. 0-0 d6 6. d3 Bg4 7. Bg5 Nd4 8. Bb5+ c6 9. h3 Nxf3+ 10. gxf3 Bxh3 11. Re1 cxb5 12. Nxb5 h6 13. Bd2 0-0 14. c3 Qb6 15. Qb3 Bxf2+ 16. Kh2 Be6 17. Qb4 Bxe1 18. Bxe1 Qe3 19. Qxd6 Qe2+ 20. Kg3 Nh5+ 21. Kh4 Qh2# 0-1